Seni Ukiran Kayu dan Rumah / (Record no. 133366)

MARC details
000 -LEADER
fixed length control field 00890nam a2200277 i 4500
001 - CONTROL NUMBER
control field C2-0334973
003 - CONTROL NUMBER IDENTIFIER
control field PPAK
005 - DATE AND TIME OF LATEST TRANSACTION
control field 20201117164526.0
008 - FIXED-LENGTH DATA ELEMENTS--GENERAL INFORMATION
fixed length control field 151208s2014 my a|||| ||||| | may d
020 ## - INTERNATIONAL STANDARD BOOK NUMBER
International Standard Book Number 9789670643342
Qualifying information paperback
040 ## - CATALOGING SOURCE
Original cataloging agency PPAK
Language of cataloging eng
Transcribing agency PPAK
Description conventions rda
082 04 - DEWEY DECIMAL CLASSIFICATION NUMBER
Classification number 745.509595
Edition number 23
090 00 - LOCALLY ASSIGNED LC-TYPE CALL NUMBER (OCLC); LOCAL CALL NUMBER (RLIN)
Classification number (OCLC) (R) ; Classification number, CALL (RLIN) (NR) 745.509595
Feature heading SEN
Feature heading K
245 00 - TITLE STATEMENT
Title Seni Ukiran Kayu dan Rumah /
Statement of responsibility, etc. Penyusun : AINIS NAJWA HISHAM
264 #1 - PRODUCTION, PUBLICATION, DISTRIBUTION, MANUFACTURE, AND COPYRIGHT NOTICE
Place of production, publication, distribution, manufacture Ayer Hitam, Johor :
Name of producer, publisher, distributor, manufacturer Penerbitan Akiz ,
Date of production, publication, distribution, manufacture, or copyright notice 2014
300 ## - PHYSICAL DESCRIPTION
Extent 40 pages :
Other physical details colour illustrations ;
Dimensions 26 cm
336 ## - CONTENT TYPE
Source rdacontent
Content type term text
337 ## - MEDIA TYPE
Source rdamedia
Media type term unmediated
338 ## - CARRIER TYPE
Source rdacarrier
Carrier type term volume
490 1# - SERIES STATEMENT
Series statement Seni Kraf dan Kesenian
500 ## - GENERAL NOTE
General note Includes exercises ; Includes glossary
650 10 - SUBJECT ADDED ENTRY--TOPICAL TERM
Topical term or geographic name entry element Handicraft Malaysia
Form subdivision Juvenile literature.
700 0# - ADDED ENTRY--PERSONAL NAME
Personal name Ainis Najwa Hisham,
Relator term compiler.
830 #0 - SERIES ADDED ENTRY--UNIFORM TITLE
Uniform title Seni Kraf dan Kesenian
942 ## - ADDED ENTRY ELEMENTS (KOHA)
Koha item type Book
Source of classification or shelving scheme Dewey Decimal Classification
Holdings
Withdrawn Not for loan Current library Shelving location Date acquired Total Checkouts Full call number Barcode Date last seen Date last checked out Koha item type
    Perpustakaan Alor Setar Pinjaman Kanak-kanak 16/12/2015 1 K 745.509595 SEN A01474927 12/07/2023 25/06/2023 Book
    Perpustakaan Alor Setar Pinjaman Kanak-kanak 30/11/2020   K 745.509595 SEN A00739883 30/11/2020   Book
    Perpustakaan Bandar Baharu Pinjaman Kanak-kanak 16/12/2015   K 745.509595 SEN A01474928 09/05/2018   Book
    Perpustakaan Kuala Nerang Pinjaman Kanak-kanak 16/12/2015   K 745.509595 SEN A01474933 09/05/2018   Book
    Perpustakaan Kulim Pinjaman Kanak-kanak 16/12/2015   K 745.509595 SEN A01474931 09/05/2018   Book
    Perpustakaan Merbok Pinjaman Kanak-kanak 16/12/2015   K 745.509595 SEN A01474930 09/05/2018   Book
    Perpustakaan Pendang Pinjaman Kanak-kanak 16/12/2015   K 745.509595 SEN A01474932 09/05/2018   Book
    Perpustakaan Sik Pinjaman Kanak-kanak 16/12/2015   K 745.509595 SEN A01474929 09/05/2018   Book